states that are landlock - Statistics

General Stats
  • This quiz has been taken 9 times
  • The average score is 13 of 21
Answer Stats
lockland % Correct
idaho
100%
idaho
100%
montana
100%
colorado
86%
nevada
86%
north dakota
86%
southdakota
71%
utah
71%
wyoming
71%
arizona
57%
arkansas
57%
kansas
57%
nebraska
57%
nebraska
57%
newmexico
57%
missouri
43%
oklahoma
43%
west virginia
43%
iowa
29%
tennessee
29%
kentucky
14%
No matching quizzes found
Score Distribution
Percent of People with Each Score
Percentile by Number Answered
Your Score History
You have not taken this quiz